Statystyki dla Państwa z największą liczbą ludzi zakażonych HIV

Kliknij tutaj aby rozwiązać quiz!

Ogólne statystyki

  • Ten quiz został rozwiązany 11 179 razy
  • Średni wynik to 11 z 20

Statystyki odpowiedzi

#Państwo% Poprawnych
0.780 mChiny
90%
1.20 mStany Zjednoczone
90%
0.980 mRosja
80%
2.10 mIndie
79%
7.10 mRepublika Południowej Afryki
75%
0.830 mBrazylia
72%
3.20 mNigeria
69%
0.370 mDemokratyczna Republika Konga
64%
0.710 mEtiopia
54%
1.60 mKenia
53%
0.620 mIndonezja
49%
1.40 mTanzania
41%
1.30 mZimbabwe
39%
0.450 mTajlandia
38%
1.20 mZambia
38%
1.80 mMozambik
37%
1.40 mUganda
36%
0.560 mKamerun
31%
0.460 mWybrzeże Kości Słoniowej
26%
1.00 mMalawi
19%

Rozkład punktacji

Percentyl według liczby udzielonych odpowiedzi

Procent ludzi z każdym wynikiem

Twoja historia wyników

Nie rozwiązałeś tego quizu